[Event "HZ Chess Toernament 2013"]
[Site "?"]
[Date "2013.08.03"]
[Round "1"]
[White "Hahnen, Elke"]
[Black "Tiggelman, Rene"]
[Result "0-1"]
[WhiteElo "1846"]
[BlackElo "2285"]
[PlyCount "54"]
[EventDate "2013.??.??"]

1. d4 d5 2. f4 g6 3. e3 Bg7 4. Bd3 Nh6 5. Nf3 O-O 6. O-O Bf5 7. Be2 c6 8. Nbd2
Qb6 9. Nb3 Nd7 10. Ne5 Nxe5 11. fxe5 f6 12. Rxf5 Nxf5 13. g4 Nh6 14. Bd2 Qc7
15. Nc5 fxe5 16. Ne6 Qd6 17. Nxf8 Rxf8 18. Kg2 Nf7 19. c3 Ng5 20. Be1 e4 21.
Bg3 Qd7 22. Qa4 a6 23. c4 e6 24. b4 dxc4 25. Bxc4 b5 26. Bxe6+ Qxe6 27. Qxa6
Qc4 0-1

[Event "HZ Chess Toernament 2013"]
[Site "?"]
[Date "2013.08.03"]
[Round "1"]
[White "Van Foreest, Jorden"]
[Black "De Lange, Hans"]
[Result "1-0"]
[WhiteElo "2284"]
[BlackElo "1844"]
[PlyCount "57"]
[EventDate "2013.??.??"]

1. e4 c5 2. Nf3 e6 3. d4 cxd4 4. Nxd4 a6 5. Bd3 Qc7 6. O-O Nf6 7. Nc3 b5 8. a4
b4 9. Nce2 Bb7 10. Ng3 h5 11. Re1 Bc5 12. Nb3 Bxf2+ 13. Kxf2 Ng4+ 14. Ke2 Nxh2
15. Nf1 Ng4 16. Be3 d5 17. exd5 Bxd5 18. Kd2 Bxg2 19. Qe2 Nxe3 20. Nxe3 Bb7 21.
Rad1 Nd7 22. Kc1 Ne5 23. Nf5 Nxd3+ 24. Qxd3 O-O 25. Nd6 Rfd8 26. Kb1 Bd5 27.
Ne4 Bc4 28. Qf3 Qe5 29. Nd6 1-0

[Event "HZ Chess Toernament 2013"]
[Site "?"]
[Date "2013.08.03"]
[Round "1"]
[White "Kuiper, Willem"]
[Black "Verstraeten, Rein"]
[Result "0-1"]
[WhiteElo "1842"]
[BlackElo "2281"]
[PlyCount "84"]
[EventDate "2013.??.??"]

1. e4 c5 2. h3 Nc6 3. Nf3 g6 4. d4 cxd4 5. Nxd4 Bg7 6. Be3 Nf6 7. Nc3 O-O 8.
Be2 d5 9. Nxc6 bxc6 10. e5 Nd7 11. f4 Rb8 12. O-O Rxb2 13. Qc1 Rb7 14. Qa3 f6
15. e6 Nb6 16. Ba6 Rc7 17. f5 Bxa6 18. Qxa6 gxf5 19. Bf4 Qc8 20. Qe2 Rb7 21.
Rae1 Nc4 22. Qh5 Qe8 23. Qxf5 Qg6 24. g4 Rb2 25. Rf2 Rd8 26. Bc7 Rc8 27. Bf4 d4
28. Ne2 c5 29. Ng3 Nb6 30. Kh1 d3 31. Bc1 Rxc2 32. Rxc2 dxc2 33. Re2 Rd8 34.
Rxc2 Rd5 35. Qf2 Qd3 36. Kg2 Nc4 37. Nf5 Qe4+ 38. Kg3 Qxe6 39. Qf4 Nd6 40. Nxg7
Kxg7 41. Rf2 Ne4+ 42. Kg2 Nxf2 0-1

[Event "HZ Chess Toernament 2013"]
[Site "?"]
[Date "2013.08.03"]
[Round "1"]
[White "Mostertman, Milan"]
[Black "Mesman, Edwyn"]
[Result "1-0"]
[WhiteElo "2280"]
[BlackElo "1842"]
[PlyCount "57"]
[EventDate "2013.??.??"]

1. e4 d6 2. d4 Nf6 3. Nc3 g6 4. g3 Bg7 5. Bg2 Nbd7 6. Nge2 c5 7. O-O cxd4 8.
Nxd4 O-O 9. h3 Qb6 10. Be3 Nc5 11. e5 Ne8 12. exd6 exd6 13. Nb3 Qc7 14. Nd5 Qd8
15. Nxc5 dxc5 16. Bxc5 Nd6 17. Ne7+ Qxe7 18. Bxd6 Qg5 19. Bxf8 Kxf8 20. Qd6+
Kg8 21. h4 Qa5 22. c3 Be6 23. Bxb7 Rd8 24. Qb4 Qc7 25. Bg2 Bc4 26. Rfd1 Rb8 27.
Rd7 Qc8 28. Qd6 Bf8 29. Qc7 1-0

[Event "HZ Chess Toernament 2013"]
[Site "?"]
[Date "2013.08.03"]
[Round "1"]
[White "Van de Breevaart, Rick"]
[Black "Colijn, Stefan"]
[Result "0-1"]
[WhiteElo "1842"]
[BlackElo "2276"]
[PlyCount "40"]
[EventDate "2013.??.??"]

1. e4 e6 2. d4 d5 3. e5 c5 4. Nf3 Qb6 5. c3 Bd7 6. Na3 Nh6 7. Be2 Nc6 8. O-O
cxd4 9. cxd4 Nf5 10. Nc2 h5 11. a3 Na5 12. Ne3 Nb3 13. Nxf5 Nxa1 14. Nxg7+ Bxg7
15. b4 Rc8 16. Bb2 Nc2 17. Bd3 Ba4 18. Qe2 Bh6 19. Bc1 Nxd4 20. Nxd4 Rxc1 0-1

[Event "HZ Chess Toernament 2013"]
[Site "?"]
[Date "2013.08.03"]
[Round "1"]
[White "Kerigan, Demre"]
[Black "Heuveling, Gijs-Cor"]
[Result "1-0"]
[WhiteElo "2257"]
[BlackElo "1833"]
[PlyCount "41"]
[EventDate "2013.??.??"]

1. e4 c5 2. Nf3 Nc6 3. d4 cxd4 4. Nxd4 e5 5. Nb5 a6 6. Nd6+ Bxd6 7. Qxd6 Qe7 8.
Qxe7+ Ngxe7 9. Nc3 Nd4 10. Bd3 O-O 11. Be3 Nec6 12. Nd5 f5 13. c3 fxe4 14. Bxe4
Ne6 15. O-O-O Rf7 16. Nb6 Rb8 17. Rd6 Na5 18. Rhd1 Nf8 19. Bd5 Nc6 20. Bc4 Ne6
21. Bxe6 1-0

[Event "HZ Chess Toernament 2013"]
[Site "?"]
[Date "2013.08.03"]
[Round "1"]
[White "Mentink, Toon"]
[Black "Doberitz, Paul"]
[Result "0-1"]
[WhiteElo "1833"]
[BlackElo "2254"]
[PlyCount "82"]
[EventDate "2013.??.??"]

1. Nf3 g6 2. c4 Bg7 3. Nc3 c5 4. g3 Nc6 5. Bg2 d6 6. O-O Bd7 7. d3 Qc8 8. Nd5
Rb8 9. Rb1 b5 10. cxb5 Rxb5 11. Bd2 Rxb2 12. Rxb2 Bxb2 13. Qb3 Bg7 14. Rb1 Nf6
15. Nxf6+ Bxf6 16. Bh6 e6 17. h4 Ke7 18. e3 Qa6 19. Bg5 Bxg5 20. hxg5 Rb8 21.
Qc2 Rxb1+ 22. Qxb1 Nb4 23. Qb2 e5 24. Nxe5 dxe5 25. Qxe5+ Qe6 26. Qxc5+ Qd6 27.
Qxa7 Nxd3 28. Qa8 Ne5 29. Qh8 Qd1+ 30. Bf1 Nf3+ 31. Kg2 Nxg5 32. Qe5+ Ne6 33.
Qc3 Qd5+ 34. f3 Qxa2+ 35. Kg1 Qd5 36. Be2 h5 37. Kf2 Qc5 38. Qb3 Nc7 39. Bc4
Be6 40. Bxe6 Nxe6 41. f4 Qd6 0-1

[Event "HZ Chess Toernament 2013"]
[Site "?"]
[Date "2013.08.03"]
[Round "1"]
[White "Klapwijk, Leo"]
[Black "Kuling, Lody"]
[Result "0-1"]
[WhiteElo "1822"]
[BlackElo "2246"]
[PlyCount "64"]
[EventDate "2013.??.??"]

1. e4 c5 2. Nc3 Nc6 3. Bb5 Nd4 4. Bc4 g6 5. Nge2 Bg7 6. d3 e6 7. Nxd4 cxd4 8.
Ne2 Ne7 9. O-O O-O 10. f4 d5 11. Bb3 dxe4 12. dxe4 Qb6 13. Kh1 Bd7 14. c3 Bc6
15. e5 dxc3 16. Nxc3 Nf5 17. Qe1 Rfd8 18. Bd2 Nh4 19. Rf2 Rd3 20. Qf1 Nxg2 21.
Rxg2 Rxd2 22. Ne2 Rad8 23. h3 Qe3 24. Re1 Qxh3+ 25. Kg1 Bxg2 26. Qxg2 Qxg2+ 27.
Kxg2 Rxb2 28. Kf1 Rdd2 29. Kf2 Bf8 30. Kf1 Be7 31. Nc3 Rf2+ 32. Kg1 Rg2+ 0-1

[Event "HZ Chess Toernament 2013"]
[Site "?"]
[Date "2013.08.03"]
[Round "1"]
[White "Sibriaev, Aleksandr"]
[Black "Sanders, Catheleijne"]
[Result "1-0"]
[WhiteElo "2239"]
[BlackElo "1822"]
[PlyCount "63"]
[EventDate "2013.??.??"]

1. c4 c6 2. e4 d5 3. exd5 cxd5 4. d4 Nf6 5. Nc3 Nc6 6. Nf3 e6 7. Bg5 Be7 8. Bd3
dxc4 9. Bxc4 Nd5 10. Bxe7 Ncxe7 11. O-O O-O 12. Ne5 Qb6 13. Qd2 Rd8 14. Rfe1
Qb4 15. a3 Qb6 16. Ne4 Bd7 17. Rad1 Bb5 18. Ba2 a6 19. Nxf7 Kxf7 20. Ng5+ Kg8
21. Rxe6 Qc7 22. Rc1 Qd7 23. Rce1 Re8 24. Qc2 g6 25. Qe4 Rac8 26. h4 Bc4 27.
Bxc4 Rxc4 28. h5 Rf8 29. hxg6 Nxg6 30. Nxh7 Qxh7 31. Rxg6+ Kh8 32. Qe5+ 1-0

[Event "HZ Chess Toernament 2013"]
[Site "?"]
[Date "2013.08.03"]
[Round "1"]
[White "Luyten, Rudi"]
[Black "Vedder, Richard"]
[Result "0-1"]
[WhiteElo "1816"]
[BlackElo "2238"]
[PlyCount "92"]
[EventDate "2013.??.??"]

1. d4 d5 2. c4 dxc4 3. e3 c5 4. Bxc4 cxd4 5. exd4 Qc7 6. Qb3 Be6 7. Na3 Bxc4 8.
Nxc4 Nc6 9. Nf3 Rd8 10. Be3 Nf6 11. O-O e6 12. Rac1 Qb8 13. Nce5 Nxe5 14. Nxe5
Bd6 15. Qb5+ Ke7 16. Qe2 Rc8 17. Bg5 h6 18. Bh4 g5 19. Bg3 Rxc1 20. Rxc1 Qe8
21. Re1 Rg8 22. Rc1 Qa4 23. Nxf7 Bxg3 24. Nxh6 Bf4 25. Nxg8+ Nxg8 26. Rd1 Bd6
27. d5 e5 28. Qh5 Nf6 29. Qe2 Qxa2 30. Qb5 b6 31. g3 g4 32. Kg2 Ne4 33. Qe2 Nf6
34. Qb5 Qa5 35. Qd3 Qb4 36. f3 gxf3+ 37. Qxf3 Qxb2+ 38. Kh3 Qc2 39. Re1 a5 40.
g4 e4 41. Re2 Qc8 42. Qf5 Qxf5 43. gxf5 a4 44. Kh4 a3 45. Kg5 Be5 46. h4 Bb2
0-1

[Event "HZ Chess Toernament 2013"]
[Site "?"]
[Date "2013.08.03"]
[Round "1"]
[White "Timmermans, Ivo"]
[Black "Timmermans, Adri"]
[Result "1-0"]
[WhiteElo "2214"]
[BlackElo "1816"]
[PlyCount "53"]
[EventDate "2013.??.??"]

1. e4 e5 2. Nf3 Nc6 3. Bb5 f5 4. Nc3 fxe4 5. Nxe4 d5 6. Nxe5 dxe4 7. Nxc6 Qg5
8. Qe2 Nf6 9. f4 Qh4+ 10. g3 Qh3 11. Ne5+ c6 12. Bc4 Be7 13. d3 exd3 14. Bxd3
Be6 15. Be3 Bd5 16. Rf1 O-O 17. Bc4 Rfe8 18. O-O-O Qe6 19. Rfe1 Bb4 20. Bxd5
Nxd5 21. Bd2 Rad8 22. Qc4 b5 23. Qb3 Bxd2+ 24. Rxd2 a5 25. a3 Qc8 26. Red1 h6
27. Nxc6 1-0

[Event "HZ Chess Toernament 2013"]
[Site "?"]
[Date "2013.08.03"]
[Round "1"]
[White "Markus, Gijs"]
[Black "Maatman, Nick"]
[Result "0-1"]
[WhiteElo "1814"]
[BlackElo "2207"]
[PlyCount "58"]
[EventDate "2013.??.??"]

1. Nf3 Nf6 2. d4 g6 3. c4 Bg7 4. Nc3 d5 5. cxd5 Nxd5 6. e4 Nxc3 7. bxc3 c5 8.
Be3 Qa5 9. Qd2 O-O 10. Rb1 b6 11. Be2 Rd8 12. Rb5 Qa4 13. Qb2 cxd4 14. Nxd4 Bb7
15. Rb4 Qd7 16. Bb5 Nc6 17. O-O Rac8 18. Rc4 Qd6 19. Nxc6 Bxc6 20. Qb4 Qxb4 21.
Rxb4 Bxc3 22. Rb3 Bxe4 23. Ba6 Rc7 24. Rc1 Be5 25. Re1 Bc2 26. Rxb6 axb6 27.
Bxb6 Rd1 28. Rxd1 Bxd1 29. Bxc7 Bxc7 0-1

[Event "HZ Chess Toernament 2013"]
[Site "?"]
[Date "2013.08.03"]
[Round "1"]
[White "Lacrosse, Marc"]
[Black "Hemmes, Maarten"]
[Result "1-0"]
[WhiteElo "2203"]
[BlackElo "1811"]
[PlyCount "55"]
[EventDate "2013.??.??"]

1. d4 Nf6 2. c4 g6 3. Nc3 Bg7 4. e4 d6 5. Nf3 O-O 6. Be2 e5 7. Be3 Nc6 8. d5
Ne7 9. Nd2 Ne8 10. b4 f5 11. f3 f4 12. Bf2 a5 13. a3 Rf7 14. c5 Bf8 15. Nc4
axb4 16. axb4 Rxa1 17. Qxa1 g5 18. Qa5 Ng6 19. Qa8 h5 20. Nb5 Be7 21. Na7 Bd7
22. Qxb7 Nf6 23. c6 Be8 24. b5 Bf8 25. Qc8 Qe7 26. b6 cxb6 27. Nb5 Nxd5 28.
exd5 1-0

[Event "HZ Chess Toernament 2013"]
[Site "?"]
[Date "2013.08.03"]
[Round "1"]
[White "Van De Vaerd, Miguel"]
[Black "Von Meijenfeldt, Bart"]
[Result "0-1"]
[WhiteElo "1807"]
[BlackElo "2202"]
[PlyCount "96"]
[EventDate "2013.??.??"]

1. e4 c5 2. Nf3 d6 3. d4 cxd4 4. Nxd4 Nf6 5. Nc3 a6 6. Be3 e5 7. Nb3 Be6 8. Qd2
Nbd7 9. O-O-O b5 10. f4 Rc8 11. f5 Bc4 12. h3 Qc7 13. g4 d5 14. Nxd5 Nxd5 15.
exd5 Bxd5 16. Rg1 Bb4 17. c3 Be4 18. Bd3 Bxc3 19. bxc3 Qxc3+ 20. Kb1 Bxd3+ 21.
Qxd3 Nf6 22. Qxc3 Rxc3 23. Rge1 O-O 24. Rd6 a5 25. Nxa5 h5 26. gxh5 Rfc8 27.
Rc1 Ne4 28. Rxc3 Rxc3 29. Rd8+ Kh7 30. Bd2 Rxh3 31. Nb3 Rxh5 32. Rd5 Rxf5 33.
Rxb5 g5 34. a4 g4 35. Kc2 g3 36. Be3 Rf2+ 37. Nd2 Nxd2 38. Bxd2 g2 39. Rb1 e4
40. a5 e3 41. a6 exd2 42. Rd1 Rf1 43. a7 g1=Q 44. a8=Q Rxd1 45. Qe4+ Qg6 46.
Qxg6+ Kxg6 47. Kxd1 Kf5 48. Kxd2 Kf4 0-1

[Event "HZ Chess Toernament 2013"]
[Site "?"]
[Date "2013.08.03"]
[Round "1"]
[White "Van Den Berg, Ad"]
[Black "Verbeek, Mathijs"]
[Result "1-0"]
[WhiteElo "2197"]
[BlackElo "1803"]
[PlyCount "75"]
[EventDate "2013.??.??"]

1. e4 e6 2. d4 d5 3. Nc3 Nc6 4. Nf3 Bb4 5. Bd3 Nf6 6. Bg5 Qd7 7. Bxf6 gxf6 8.
O-O dxe4 9. Nxe4 Be7 10. Re1 f5 11. Ng3 h5 12. h4 Qd8 13. c3 Bxh4 14. Nxh4 Qxh4
15. Nxf5 Qg5 16. d5 Ne7 17. Nxe7 Kxe7 18. Qb3 Rg8 19. Be4 e5 20. Qb4+ Kd8 21.
Re3 h4 22. d6 c6 23. d7 Bxd7 24. Qxb7 Rc8 25. Qxa7 Qg7 26. Rd1 Rc7 27. Qb8+ Rc8
28. Rxd7+ Kxd7 29. Rd3+ Ke7 30. Qd6+ Ke8 31. Qd7+ Kf8 32. Qxc8+ Ke7 33. Qd7+
Kf6 34. Qf5+ Ke7 35. Rd7+ Ke8 36. Bxc6 h3 37. Rxf7+ Kd8 38. Qd7# 1-0

[Event "HZ Chess Tournament 2013"]
[Site "?"]
[Date "2013.08.04"]
[Round "2"]
[White "Harikrishna, P."]
[Black "Van Gool, Henk"]
[Result "1-0"]
[WhiteElo "2696"]
[BlackElo "2152"]
[PlyCount "95"]
[EventDate "2013.??.??"]

1. Nf3 Nf6 2. c4 e6 3. g3 b6 4. Bg2 Bb7 5. O-O c5 6. Nc3 Nc6 7. e4 Qb8 8. Re1
d6 9. d4 cxd4 10. Nxd4 Nd7 11. b3 Be7 12. Bb2 O-O 13. Nd5 Bd8 14. Nxc6 Bxc6 15.
Qd4 Nf6 16. Nc3 Be7 17. Rad1 Qb7 18. Qe3 Rfe8 19. Nb5 Rad8 20. Nd4 Nd7 21. Re2
Qa8 22. Red2 Nc5 23. b4 Na4 24. Ba1 Bd7 25. Qb3 b5 26. Nxb5 Bxb5 27. cxb5 Nb6
28. a4 Rc8 29. Bd4 Nd7 30. Rc2 Rxc2 31. Qxc2 Rc8 32. Qd2 Nb6 33. Qa2 Qb8 34.
Bf1 Nd7 35. f4 Bf6 36. Be3 Bc3 37. Qb3 Nf6 38. Bc4 Nxe4 39. Bxe6 Rc7 40. Bd5
Qe8 41. Rd3 Bf6 42. Bc6 Qe7 43. Qc4 d5 44. Qxd5 Nc3 45. Qb3 Bd4 46. Rxc3 Bxc3
47. Qxc3 Qe6 48. Qe5 1-0

[Event "HZ Chess Tournament 2013"]
[Site "?"]
[Date "2013.08.04"]
[Round "2"]
[White "Gijsen, Stief"]
[Black "Krasenkow, Michal"]
[Result "0-1"]
[WhiteElo "2142"]
[BlackElo "2635"]
[PlyCount "70"]
[EventDate "2013.??.??"]

1. e4 g6 2. d4 Bg7 3. Nc3 c6 4. Nf3 d6 5. Be3 Nf6 6. Qd2 Bg4 7. O-O-O Qa5 8.
Kb1 Nbd7 9. Bh6 Bxh6 10. Qxh6 O-O-O 11. Bc4 d5 12. exd5 Bxf3 13. gxf3 cxd5 14.
Bb3 e6 15. Rhe1 Nh5 16. Re3 Kb8 17. Ne2 Qc7 18. f4 Ndf6 19. f3 Ng8 20. Qg5 Ne7
21. c4 f6 22. Qg1 dxc4 23. Rc1 b5 24. a4 Qb6 25. Ba2 Nd5 26. axb5 Nxe3 27. Qxe3
Ng7 28. Rxc4 Nf5 29. Qc3 Rc8 30. Rc5 Rhd8 31. Qb4 Nxd4 32. Rxc8+ Kxc8 33. Nxd4
Qxd4 34. Bxe6+ Kb8 35. Qa3 Qd3+ 0-1

[Event "HZ Chess Tournament 2013"]
[Site "?"]
[Date "2013.08.04"]
[Round "2"]
[White "Landa, Konstantin"]
[Black "Herbold, Manfred"]
[Result "1-0"]
[WhiteElo "2632"]
[BlackElo "2140"]
[PlyCount "99"]
[EventDate "2013.??.??"]

1. d4 e6 2. c4 Nf6 3. Nf3 b6 4. g3 Bb7 5. Bg2 Be7 6. O-O O-O 7. Re1 Qc8 8. Bg5
h6 9. Bxf6 Bxf6 10. e4 d6 11. Nc3 Nd7 12. Qd3 a6 13. Rad1 Rd8 14. Bh3 c5 15. d5
Bxc3 16. bxc3 e5 17. Nh4 Qc7 18. Rb1 b5 19. Nf5 Nb6 20. cxb5 Bc8 21. bxa6 Bxa6
22. Qd1 Bc8 23. Rxb6 Qxb6 24. Ne7+ Kf8 25. Nxc8 Rdxc8 26. Bxc8 Rxc8 27. Qc2 Rb8
28. Ra1 c4 29. Kg2 Ke7 30. Qe2 Qa6 31. a4 Rb3 32. Qg4 Rb2 33. a5 Qa7 34. Qf3
Rd2 35. a6 g6 36. Kg1 Rd3 37. Qe2 Rxc3 38. Kg2 Kf6 39. Ra2 Kg7 40. Qb2 Rb3 41.
Qc2 h5 42. Qxc4 Rb6 43. h4 f5 44. exf5 gxf5 45. Qc8 f4 46. Rc2 f3+ 47. Kh2 Kg6
48. Rc7 Qxc7 49. Qxc7 Rxa6 50. Qc4 1-0

[Event "HZ Chess Tournament 2013"]
[Site "?"]
[Date "2013.08.04"]
[Round "2"]
[White "Stange, Sven"]
[Black "L'Ami, Erwin"]
[Result "0-1"]
[WhiteElo "2137"]
[BlackElo "2626"]
[PlyCount "88"]
[EventDate "2013.??.??"]

1. d4 Nf6 2. c4 g6 3. Nc3 Bg7 4. e4 d6 5. Nf3 O-O 6. Be2 Bg4 7. h3 Bxf3 8. Bxf3
Nfd7 9. Be3 c5 10. d5 Na6 11. O-O Nc7 12. Qc2 e6 13. Rad1 exd5 14. Nxd5 Ne5 15.
Be2 Nc6 16. Nxc7 Qxc7 17. Bd3 Rae8 18. Qd2 Re6 19. Bb1 a6 20. f4 Qe7 21. f5
gxf5 22. Bg5 Bd4+ 23. Kh1 f6 24. Bh6 fxe4 25. Bxf8 Kxf8 26. Qh6+ Ke8 27. Qh5+
Kd8 28. b4 e3 29. b5 axb5 30. cxb5 e2 31. bxc6 exf1=Q+ 32. Rxf1 Re1 33. Qf5
bxc6 34. Bd3 Rxf1+ 35. Qxf1 h6 36. Qb1 Qa7 37. Be2 d5 38. Bg4 c4 39. a4 Kc7 40.
Qf5 Kb6 41. Qc8 Be5 42. Qd8+ Qc7 43. Qf8 Qd6 44. Qa8 Qb8 0-1

[Event "HZ Chess Tournament 2013"]
[Site "?"]
[Date "2013.08.04"]
[Round "2"]
[White "Reinderman, Dimitri"]
[Black "Fehr, Axel"]
[Result "1-0"]
[WhiteElo "2598"]
[BlackElo "2131"]
[PlyCount "57"]
[EventDate "2013.??.??"]

1. d4 Nf6 2. c4 g6 3. Nc3 d5 4. Nf3 Bg7 5. e3 O-O 6. Be2 e6 7. O-O b6 8. b4
dxc4 9. Bxc4 Bb7 10. Qb3 a6 11. a4 Nd5 12. Ne2 b5 13. Bd3 bxa4 14. Rxa4 Nb6 15.
Ra3 Bd5 16. Qc2 f5 17. Bd2 Bb7 18. Nf4 Re8 19. Rc1 Re7 20. Rc3 c6 21. e4 fxe4
22. Bxe4 Nd5 23. Ra3 Nd7 24. Qa2 Qb6 25. Bxd5 exd5 26. b5 Nf6 27. Ba5 Qa7 28.
bxc6 Bc8 29. Bd8 1-0

[Event "HZ Chess Tournament 2013"]
[Site "?"]
[Date "2013.08.04"]
[Round "2"]
[White "Brookes, Christopher"]
[Black "Lalith, Babu M.R"]
[Result "0-1"]
[WhiteElo "2112"]
[BlackElo "2576"]
[PlyCount "40"]
[EventDate "2013.??.??"]

1. e4 g6 2. d4 Bg7 3. Nc3 c6 4. f4 d5 5. e5 Nh6 6. Nf3 Qb6 7. h3 O-O 8. Bd3 f6
9. Ne2 c5 10. c4 e6 11. b3 Nc6 12. dxc5 Qxc5 13. Bb2 fxe5 14. fxe5 dxc4 15.
Bxc4 b5 16. Bd3 Bb7 17. Rc1 Qb6 18. Be4 Rad8 19. Ned4 Nxd4 20. Bxd4 Qa5+ 0-1

[Event "HZ Chess Tournament 2013"]
[Site "?"]
[Date "2013.08.04"]
[Round "2"]
[White "Zhao, Xue"]
[Black "Algra, Jouke"]
[Result "1-0"]
[WhiteElo "2562"]
[BlackElo "2114"]
[PlyCount "73"]
[EventDate "2013.??.??"]

1. d4 d5 2. c4 c6 3. Nc3 Nf6 4. e3 e6 5. Nf3 Nbd7 6. Qc2 Bd6 7. b3 e5 8. cxd5
cxd5 9. Nb5 Bb8 10. Ba3 Ne4 11. Rc1 a6 12. Nc7+ Bxc7 13. Qxc7 Qxc7 14. Rxc7 Kd8
15. Rc2 exd4 16. Nxd4 Ne5 17. f3 Nf6 18. Bd6 Re8 19. Kd2 Kd7 20. Bc5 Kd8 21.
Be2 Bd7 22. Bb6+ Ke7 23. Rc7 Reb8 24. Nf5+ Kf8 25. Bc5+ Kg8 26. Ne7+ Kh8 27.
Bd4 Re8 28. Bxe5 Rxe7 29. Bxf6 gxf6 30. Rxb7 Kg8 31. Rc1 Kf8 32. Rcc7 Ke8 33.
Bd3 Kd8 34. Bf5 Bxf5 35. Rxe7 Be6 36. Rxf7 Bxf7 37. Rxf7 1-0

[Event "HZ Chess Tournament 2013"]
[Site "?"]
[Date "2013.08.04"]
[Round "2"]
[White "Bottema, Martin"]
[Black "Ernst, Sipke"]
[Result "0-1"]
[WhiteElo "2087"]
[BlackElo "2560"]
[PlyCount "90"]
[EventDate "2013.??.??"]

1. d4 d5 2. c4 c6 3. Nf3 Nf6 4. Nc3 e6 5. e3 Nbd7 6. Bd3 dxc4 7. Bxc4 b5 8. Bd3
Bd6 9. O-O O-O 10. Bd2 Bb7 11. Rc1 Rc8 12. a3 a5 13. Qe2 Qb6 14. e4 e5 15. dxe5
Nxe5 16. Be3 Nxf3+ 17. Qxf3 Qd8 18. Rfd1 Qe7 19. Bf4 Bxf4 20. Qxf4 Nd7 21. Ne2
Rfd8 22. Ng3 g6 23. Qe3 Ne5 24. Be2 Rxd1+ 25. Rxd1 b4 26. f4 Nd7 27. Bg4 Rc7
28. axb4 axb4 29. e5 c5 30. b3 c4 31. bxc4 f5 32. Bf3 Bxf3 33. Qxf3 Qc5+ 34.
Kh1 Qxc4 35. Nf1 Nc5 36. Ne3 Qe4 37. Nd5 Qxf3 38. gxf3 Rb7 39. Rc1 Ne6 40. Rc8+
Kf7 41. Rh8 b3 42. Rxh7+ Ng7 43. Nc3 Rc7 44. Na4 Rc4 45. Nb2 Rc1+ 0-1

[Event "HZ Chess Tournament 2013"]
[Site "?"]
[Date "2013.08.04"]
[Round "2"]
[White "Ikonnikov, Vyacheslav"]
[Black "Tangarife Ramirez, Gonzalo"]
[Result "1-0"]
[WhiteElo "2555"]
[BlackElo "2108"]
[PlyCount "65"]
[EventDate "2013.??.??"]

1. d4 c6 2. Nf3 g6 3. c4 Nf6 4. Nc3 Bg7 5. e4 d6 6. Be2 O-O 7. O-O Nbd7 8. Re1
e5 9. d5 Nc5 10. Bf1 a5 11. g3 Ng4 12. h3 Nh6 13. Be3 f5 14. dxc6 bxc6 15. Nxe5
Qc7 16. Qd2 dxe5 17. Bxc5 Rd8 18. Qc2 fxe4 19. g4 Nf7 20. Nxe4 Be6 21. Rad1
Rxd1 22. Rxd1 Rd8 23. b3 Bh6 24. Rxd8+ Qxd8 25. Qd3 Qxd3 26. Bxd3 Bf8 27. Kf1
Bxc5 28. Nxc5 Bc8 29. Be4 h5 30. f3 Ng5 31. Bxc6 Nxh3 32. gxh5 gxh5 33. Bd7 1-0

[Event "HZ Chess Tournament 2013"]
[Site "?"]
[Date "2013.08.04"]
[Round "2"]
[White "Gunther, Justin"]
[Black "Huschenbeth, Niclas"]
[Result "0-1"]
[WhiteElo "2071"]
[BlackElo "2542"]
[PlyCount "50"]
[EventDate "2013.??.??"]

1. e4 c5 2. Nf3 d6 3. d4 cxd4 4. Nxd4 Nf6 5. Nc3 a6 6. Be2 Nbd7 7. O-O g6 8.
Be3 Bg7 9. Qd2 O-O 10. f4 Qc7 11. Bf3 e5 12. Nde2 b5 13. Rad1 Bb7 14. Qxd6 Qxd6
15. Rxd6 b4 16. Na4 Rac8 17. c3 exf4 18. Bxf4 Rfe8 19. Nb6 Nxb6 20. Rxb6 Bxe4
21. Bxe4 Nxe4 22. Ng3 bxc3 23. Nxe4 Bd4+ 24. Kh1 Rxe4 25. Rb4 Rxf4 0-1

[Event "HZ Chess Tournament 2013"]
[Site "?"]
[Date "2013.08.04"]
[Round "2"]
[White "Zaragatski, Ilja"]
[Black "Van Der Zalm, Marnix"]
[Result "1-0"]
[WhiteElo "2505"]
[BlackElo "2091"]
[PlyCount "101"]
[EventDate "2013.??.??"]

1. e4 d6 2. d4 Nf6 3. Nc3 g6 4. Nf3 Bg7 5. Be2 O-O 6. O-O a6 7. Re1 Nc6 8. d5
Ne5 9. Nxe5 dxe5 10. Bg5 h6 11. Be3 Kh7 12. Qd3 Ne8 13. Na4 e6 14. c4 exd5 15.
cxd5 Bd7 16. Nc5 Bb5 17. Qc2 Nd6 18. Rac1 b6 19. Nb3 Rc8 20. Nd2 Qd7 21. b3 f5
22. f3 Rf7 23. a4 Bxe2 24. Rxe2 fxe4 25. Nxe4 Nxe4 26. Qxe4 Rd8 27. Rec2 Qxd5
28. Qxd5 Rxd5 29. Rxc7 Rxc7 30. Rxc7 Rd3 31. Bxb6 Rxb3 32. a5 g5 33. Ra7 Kg6
34. Rxa6 Kf5 35. Ra7 Bf6 36. Rf7 Kg6 37. Rc7 Ra3 38. g4 Ra2 39. Kf1 Bg7 40. Rc8
Kf7 41. Ra8 Rb2 42. Be3 Rb3 43. Ke2 e4 44. fxe4 Rb2+ 45. Kf3 Rb3 46. e5 Bxe5
47. Ke4 Bxh2 48. a6 Rb8 49. Rxb8 Bxb8 50. Kd5 h5 51. gxh5 1-0

[Event "HZ Chess Tournament 2013"]
[Site "?"]
[Date "2013.08.04"]
[Round "2"]
[White "Hekhuis, Jeroen"]
[Black "Swapnil, S. Dhopade"]
[Result "0-1"]
[WhiteElo "2068"]
[BlackElo "2489"]
[PlyCount "72"]
[EventDate "2013.??.??"]

1. Nf3 Nf6 2. g3 d5 3. Bg2 c6 4. O-O Bg4 5. d4 e6 6. c4 Be7 7. Nc3 O-O 8. Ne5
Bf5 9. Bf4 Nbd7 10. cxd5 exd5 11. Rc1 Re8 12. Re1 Bf8 13. f3 Nxe5 14. Bxe5 Nd7
15. Bf4 Nb6 16. e4 Bg6 17. Kh1 Qd7 18. b3 Ba3 19. Rc2 Rad8 20. Bg5 f6 21. Be3
Nc8 22. Bf2 Nd6 23. Ree2 dxe4 24. fxe4 Bh5 25. Qd3 Bxe2 26. Rxe2 Nf7 27. d5 Bb4
28. Rc2 Ne5 29. Qd1 Bxc3 30. Rxc3 b6 31. Qh5 cxd5 32. exd5 Ng4 33. Bg1 Re5 34.
Qh4 Rxd5 35. h3 Ne5 36. Be4 Ng6 0-1

[Event "HZ Chess Tournament 2013"]
[Site "?"]
[Date "2013.08.04"]
[Round "2"]
[White "Burg, Twan"]
[Black "Beerdsen, Thomas"]
[Result "1-0"]
[WhiteElo "2486"]
[BlackElo "2071"]
[PlyCount "77"]
[EventDate "2013.??.??"]

1. e4 c5 2. Nf3 d6 3. Nc3 Nf6 4. d4 cxd4 5. Nxd4 a6 6. Be3 Ng4 7. Bc1 Nf6 8. f3
e5 9. Nb3 Be7 10. Be3 Be6 11. Qd2 Nbd7 12. O-O-O b5 13. g4 Nb6 14. g5 Nfd7 15.
Nd5 Bxd5 16. exd5 Rc8 17. Kb1 Nc4 18. Bxc4 bxc4 19. Nc1 c3 20. bxc3 O-O 21. Ka1
Rc4 22. Nd3 Qa5 23. Nb4 Rfc8 24. Rb1 Bf8 25. Rb3 Nc5 26. Bxc5 R4xc5 27. Rd1 g6
28. Nc6 Qa4 29. Qd3 Re8 30. Rb4 Qa3 31. Rb3 Qa4 32. Rb4 Qa3 33. c4 Ra5 34. Qb3
Bg7 35. Kb1 e4 36. Nxa5 Qxa5 37. Rb8 Kf8 38. Rxe8+ Kxe8 39. fxe4 1-0

[Event "HZ Chess Tournament 2013"]
[Site "?"]
[Date "2013.08.04"]
[Round "2"]
[White "Sekandar, Kambiz"]
[Black "Harika, Dronavalli"]
[Result "0-1"]
[WhiteElo "2059"]
[BlackElo "2479"]
[PlyCount "36"]
[EventDate "2013.??.??"]

1. e4 e5 2. a3 Nf6 3. Nc3 Be7 4. f4 d5 5. fxe5 Nxe4 6. Qf3 Nc6 7. Bb5 O-O 8.
Bxc6 Nxc3 9. Bxb7 Bxb7 10. bxc3 f6 11. e6 Qc8 12. d4 Qxe6+ 13. Ne2 Ba6 14. Kf2
Bxe2 15. Re1 Bxf3 16. Rxe6 Kf7 17. Rxe7+ Kxe7 18. gxf3 Kd7 0-1

[Event "HZ Chess Tournament 2013"]
[Site "?"]
[Date "2013.08.04"]
[Round "2"]
[White "Henrichs, Thomas"]
[Black "Majhi, Ankit"]
[Result "1-0"]
[WhiteElo "2458"]
[BlackElo "2069"]
[PlyCount "49"]
[EventDate "2013.??.??"]

1. d4 Nf6 2. c4 g6 3. Nc3 Bg7 4. e4 d6 5. f3 O-O 6. Nge2 Nc6 7. Be3 a6 8. Qd2
Rb8 9. Rc1 Bd7 10. Nd1 e6 11. Nf2 Ne7 12. g3 Ne8 13. Bg2 b6 14. O-O c5 15. Rfd1
cxd4 16. Bxd4 Bxd4 17. Nxd4 Nc7 18. Ne2 Nc8 19. e5 d5 20. Ng4 f5 21. exf6 Nd6
22. Nf4 Bc6 23. Nxe6 Nxe6 24. cxd5 Nc5 25. Nh6+ 1-0

[Event "HZ Chess Tournament 2013"]
[Site "?"]
[Date "2013.08.04"]
[Round "2"]
[White "Klapwijk, Bram"]
[Black "Tan, Matthew"]
[Result "0-1"]
[WhiteElo "2048"]
[BlackElo "2444"]
[PlyCount "58"]
[EventDate "2013.??.??"]

1. e4 c5 2. Nf3 a6 3. d4 cxd4 4. Nxd4 Nf6 5. Nc3 e5 6. Nf3 Nc6 7. Bc4 Be7 8.
Be3 d6 9. Nd5 Nxd5 10. Bxd5 O-O 11. c3 Be6 12. Qd2 Rc8 13. O-O Na5 14. Rfd1 Nc4
15. Qe2 Qc7 16. Ne1 h6 17. g3 Bxd5 18. Rxd5 f5 19. exf5 Rxf5 20. f4 Rcf8 21.
Ng2 Kh8 22. Rad1 Qc6 23. b3 Nxe3 24. Nxe3 R5f7 25. Nc4 exf4 26. gxf4 b5 27.
Nxd6 Rxf4 28. Qxe7 Rg4+ 29. Kh1 Qxd5+ 0-1